<?xml version="1.0" encoding="UTF-8"?><?xml-stylesheet type="text/xsl" href="static/style.xsl"?><OAI-PMH xmlns="http://www.openarchives.org/OAI/2.0/" xmlns:xsi="http://www.w3.org/2001/XMLSchema-instance" xsi:schemaLocation="http://www.openarchives.org/OAI/2.0/ http://www.openarchives.org/OAI/2.0/OAI-PMH.xsd"><responseDate>2026-04-17T20:07:33Z</responseDate><request verb="GetRecord" identifier="oai:www.recercat.cat:10459.1/468215" metadataPrefix="marc">https://recercat.cat/oai/request</request><GetRecord><record><header><identifier>oai:recercat.cat:10459.1/468215</identifier><datestamp>2025-09-15T18:29:32Z</datestamp><setSpec>com_2072_3622</setSpec><setSpec>col_2072_479130</setSpec></header><metadata><record xmlns="http://www.loc.gov/MARC21/slim" xmlns:dcterms="http://purl.org/dc/terms/" xmlns:xsi="http://www.w3.org/2001/XMLSchema-instance" xmlns:doc="http://www.lyncode.com/xoai" xsi:schemaLocation="http://www.loc.gov/MARC21/slim http://www.loc.gov/standards/marcxml/schema/MARC21slim.xsd">
   <leader>00925njm 22002777a 4500</leader>
   <datafield ind2=" " ind1=" " tag="042">
      <subfield code="a">dc</subfield>
   </datafield>
   <datafield ind2=" " ind1=" " tag="720">
      <subfield code="a">Bretón, Víctor</subfield>
      <subfield code="e">author</subfield>
   </datafield>
   <datafield ind2=" " ind1=" " tag="260">
      <subfield code="c">2025-06-13</subfield>
   </datafield>
   <datafield ind2=" " ind1=" " tag="520">
      <subfield code="a">Este texto tiene un carácter exploratorio a partir de la experiencia etnográfica del levantamiento indígena y popular que paralizó Ecuador en el mes de junio de 2022. Con epicentro en Quito, la capital del país, dicha movilización fue la más larga de todas las que ha protagonizado el movimiento indígena ecuatoriano desde la década de 1990. El artículo reflexiona sobre las características de esta última protesta; señala sus diferencias con respecto a las movilizaciones de los años noventa y de los primeros años de este siglo XXI; y plantea algunas hipótesis sobre la nueva generación de líderes que están al frente de la organización indígena más importante del país, la CONAIE (Confederación de Nacionalidades Indígenas del Ecuador). El argumento principal que se explora es que la adopción de discursos y repertorios de protesta más orientados hacia una dimensión clasista que hacia una puramente etnoidentitaria ha sido la clave en la mayor capacidad de convocatoria del movimiento. Esto se reflejó en el masivo respaldo al llamado de la CONAIE contra las medidas neoliberales adoptadas por el Gobierno nacional.</subfield>
   </datafield>
   <datafield ind2=" " ind1=" " tag="520">
      <subfield code="a">This article takes an exploratory approach, drawing from the ethnographic experience of the Indigenous and popular uprising that brought Ecuador to a standstill in June 2022. Centered in Quito, the country’s capital, it was the longest mobilization led by the Ecuadorian Indigenous movement since the 1990s. The article examines the defining features of this most recent protest, explores how it differs from the mobilizations of the 1990s and early 2000s, and considers the rise of a new generation of leaders at the helm of CONAIE (Confederation of Indigenous Nationalities of Ecuador), the country’s most influential Indigenous organization. The central argument is that shifting protest rhetoric and strategies toward a more class-based approach—rather than a strictly ethnic or identity-driven one—has been key to expanding the movement’s reach. This shift was evident in the widespread support for CONAIE’s call to action against the neoliberal policies enacted by the national government.</subfield>
   </datafield>
   <datafield tag="653" ind2=" " ind1=" ">
      <subfield code="a">Andes</subfield>
   </datafield>
   <datafield tag="653" ind2=" " ind1=" ">
      <subfield code="a">Ecuador</subfield>
   </datafield>
   <datafield tag="653" ind2=" " ind1=" ">
      <subfield code="a">Movimiento indígena</subfield>
   </datafield>
   <datafield tag="653" ind2=" " ind1=" ">
      <subfield code="a">Etnicidad</subfield>
   </datafield>
   <datafield tag="653" ind2=" " ind1=" ">
      <subfield code="a">CONAIE</subfield>
   </datafield>
   <datafield tag="653" ind2=" " ind1=" ">
      <subfield code="a">Indigenous movement</subfield>
   </datafield>
   <datafield tag="653" ind2=" " ind1=" ">
      <subfield code="a">Ethnicity</subfield>
   </datafield>
   <datafield ind2="0" ind1="0" tag="245">
      <subfield code="a">Las cenizas del Ave Fénix: Etnicidad y protesta social en el Ecuador poscorreísta</subfield>
   </datafield>
</record></metadata></record></GetRecord></OAI-PMH>